Magical Women : (Record no. 171368)

MARC details
000 -LEADER
fixed length control field 00529nam a2200169 4500
005 - DATE AND TIME OF LATEST TRANSACTION
control field 20200110151755.0
010 ## - LCCN (DPL NO)
LC control number ENG-127312
020 ## - INTERNATIONAL STANDARD BOOK NUMBER
International Standard Book Number 9789388322027
Terms of availability 399.00
035 ## - SYSTEM CONTROL NUMBER
System control number EN-110844
037 ## - SOURCE OF ACQUISITION
Source of stock number/acquisition DBAD/PUB
082 ## - DEWEY DECIMAL CLASSIFICATION NUMBER
Classification number S
245 ## - TITLE STATEMENT
Title Magical Women :
Statement of responsibility, etc edited by Sukanya Vankatraghavan
Remainder of title /
260 ## - PUBLICATION, DISTRIBUTION, ETC. (IMPRINT)
Place of publication, distribution, etc Gurugram
Name of publisher, distributor, etc Hachette book Publishing
Date of publication, distribution, etc 2019
270 ## - ADDRESS
Address Hachette book Publishing India 4th &5th floors, Corporate centre
City Daryaganj, New Delhi
Postal code 110002
300 ## - PHYSICAL DESCRIPTION
Extent 217p.
Dimensions 20cm(pbk)
942 ## - ADDED ENTRY ELEMENTS (KOHA)
Source of classification or shelving scheme Dewey Decimal Classification
Item type English Books
Classification part S
Call number suffix MAG
Holdings
Withdrawn status Lost status Not for loan Collection code Home library Current library Date acquired Source of acquisition Cost, normal purchase price Full call number Barcode Copy number Cost, replacement price Koha item type
      Non-fiction Andrews Gunj Andrews Gunj 10/01/2020 DBAD/PUB 399.00 S MAG EN-110844 1 399.00 English Books

© Delhi Public Library
Hit Counter
free hit counter